000 00830nam a22002177a 4500
003 UA-OsUOA
001 101117
007 ta
008 20130605b un ||||| |||| 00| 0 ukr d
100 _aКоваленко О.
090 _a81
_bК56
942 _cSA
040 _aUA-OsUOA
_bukr
_cUA-OsUOA
_dUA-OsUOA
245 _aЛінгвістичний аналіз тексту як забезпечення комунікативного та функціонально-стилістичного підходу до навчання мови
300 _aС.31-36
955 _a0
041 _aukr
080 _a81
773 0 _w101115
_tУкраїнська мова та література
_dК.
_d2013
_g10
650 7 _a8 Мовознавство. Художня література. Літературознавство
_2UDC
999 _c387363
_d387363